| 000 | 00358 a2200121 4500 | ||
|---|---|---|---|
| 020 | _a8120322185 | ||
| 082 | _a620.112 SHA | ||
| 100 | _aShames, Irving H. | ||
| 245 |
_aIntroduction to Solid Mechanics / _cIrving H. Shames , James M. Pitarresi |
||
| 250 | _a3rd ed | ||
| 260 |
_aIndia : _bPrentice Hall of India, _c2000 |
||
| 300 |
_axvi, 769p. ; _bill. ; _c25 cm |
||
| 650 | _aSolid Mechanics | ||
| 999 |
_c2029 _d2029 |
||